£3.6m to target local road potholes (Record no. 73408)
[ view plain ]
| 000 -LEADER | |
|---|---|
| fixed length control field | 01134cam a2200205 4500 |
| 001 - CONTROL NUMBER | |
| control field | WB3935-14 |
| 008 - FIXED-LENGTH DATA ELEMENTS--GENERAL INFORMATION | |
| fixed length control field | 030916n2003 000 0 eng u |
| 035 ## - SYSTEM CONTROL NUMBER | |
| System control number | (Sirsi) u123611 |
| 245 ## - TITLE STATEMENT | |
| Title | £3.6m to target local road potholes |
| 260 ## - PUBLICATION, DISTRIBUTION, ETC. | |
| Date of publication, distribution, etc. | 2003 |
| 490 ## - SERIES STATEMENT | |
| Series statement | DfT News Release |
| Volume/sequential designation | (2003/0110) 12 September 2003 (2) |
| 520 ## - SUMMARY, ETC. | |
| Summary, etc. | Government is providing £3.6m to help target potholes on local roads. The money will be used to fund a new research programme to adapt the TRACS vehicle, currently used by the Highways Agency to measure road conditions on motorways and trunk roads, for use on local roads by local authorities. The TRACS vehicle allows road service data to be collected safely, efficiently and without disrupting traffic. Government aims to halt the decline in local road conditions by 2004 and to eliminate the backlog in local road maintenance by 2011. DfT Press release http://www.dft.gov.uk/pns/DisplayPN.cgi?pn_id=2003_0110 |
| 590 ## - LOCAL NOTE (RLIN) | |
| Local note | WB |
| 650 ## - SUBJECT ADDED ENTRY--TOPICAL TERM | |
| Topical term or geographic name entry element | ROAD MAINTENANCE |
| 650 ## - SUBJECT ADDED ENTRY--TOPICAL TERM | |
| Topical term or geographic name entry element | LOCAL AUTHORITIES |
| 650 ## - SUBJECT ADDED ENTRY--TOPICAL TERM | |
| Topical term or geographic name entry element | TRACS |
| 650 ## - SUBJECT ADDED ENTRY--TOPICAL TERM | |
| Topical term or geographic name entry element | ROAD SURFACES |
| 690 ## - LOCAL SUBJECT ADDED ENTRY--TOPICAL TERM (OCLC, RLIN) | |
| Topical term or geographic name as entry element | TRANSPORT AND COMMUNICATIONS |
| 942 ## - ADDED ENTRY ELEMENTS (KOHA) | |
| Suppress in OPAC | 0 |
| Withdrawn status | Lost status | Source of classification or shelving scheme | Damaged status | Not for loan | Home library | Current library | Shelving location | Date acquired | Total Checkouts | Full call number | Barcode | Date last seen | Copy number | Price effective from | Koha item type |
|---|---|---|---|---|---|---|---|---|---|---|---|---|---|---|---|
| Dewey Decimal Classification | London | London | News article | 16/09/2003 | WB3935-14 | 123611-1001 | 06/08/2019 | 1 | 06/08/2019 | News article |